<?xml version="1.0" encoding="UTF-8"?>
<record
    xmlns:xsi="http://www.w3.org/2001/XMLSchema-instance"
    xsi:schemaLocation="http://www.loc.gov/MARC21/slim http://www.loc.gov/standards/marcxml/schema/MARC21slim.xsd"
    xmlns="http://www.loc.gov/MARC21/slim">

  <leader>00525nam a2200205   4500</leader>
  <controlfield tag="003">SEACOMEC</controlfield>
  <controlfield tag="005">20250924151233.0</controlfield>
  <controlfield tag="008">240319b        |||||||| |||| 00| 0 eng d</controlfield>
  <datafield tag="020" ind1=" " ind2=" ">
    <subfield code="c">RS.180.00</subfield>
  </datafield>
  <datafield tag="040" ind1=" " ind2=" ">
    <subfield code="a">SEACOMEC</subfield>
  </datafield>
  <datafield tag="041" ind1=" " ind2=" ">
    <subfield code="a">English</subfield>
  </datafield>
  <datafield tag="082" ind1=" " ind2=" ">
    <subfield code="a">510.02462</subfield>
    <subfield code="b">P153</subfield>
  </datafield>
  <datafield tag="100" ind1=" " ind2=" ">
    <subfield code="a">Pal, B.K</subfield>
  </datafield>
  <datafield tag="245" ind1=" " ind2=" ">
    <subfield code="a">Engineering Mathematics.- Vol-3 B</subfield>
    <subfield code="c">B.K. Pal &amp; K. Das </subfield>
  </datafield>
  <datafield tag="250" ind1=" " ind2=" ">
    <subfield code="a">2nd rev ed</subfield>
  </datafield>
  <datafield tag="260" ind1=" " ind2=" ">
    <subfield code="a">Kolkata</subfield>
    <subfield code="b">U. N. DHUR AND SONS</subfield>
    <subfield code="c">2023</subfield>
  </datafield>
  <datafield tag="300" ind1=" " ind2=" ">
    <subfield code="a">Vol- 3 B</subfield>
  </datafield>
  <datafield tag="650" ind1=" " ind2=" ">
    <subfield code="a">Mathematics - Engineering </subfield>
  </datafield>
  <datafield tag="942" ind1=" " ind2=" ">
    <subfield code="c">BOOK</subfield>
  </datafield>
  <datafield tag="952" ind1=" " ind2=" ">
    <subfield code="0">0</subfield>
    <subfield code="1">0</subfield>
    <subfield code="2">ddc</subfield>
    <subfield code="4">0</subfield>
    <subfield code="7">0</subfield>
    <subfield code="a">SEACOMEC</subfield>
    <subfield code="b">SEACOMEC</subfield>
    <subfield code="d">2007-08-07</subfield>
    <subfield code="l">0</subfield>
    <subfield code="o">510.02462 P153</subfield>
    <subfield code="p">7826</subfield>
    <subfield code="r">2024-07-25 13:16:38</subfield>
    <subfield code="w">2024-07-25</subfield>
    <subfield code="y">BOOK</subfield>
  </datafield>
  <datafield tag="952" ind1=" " ind2=" ">
    <subfield code="0">0</subfield>
    <subfield code="1">0</subfield>
    <subfield code="2">ddc</subfield>
    <subfield code="4">0</subfield>
    <subfield code="7">0</subfield>
    <subfield code="a">SEACOMEC</subfield>
    <subfield code="b">SEACOMEC</subfield>
    <subfield code="d">2007-08-07</subfield>
    <subfield code="l">0</subfield>
    <subfield code="o">510.02462 P153</subfield>
    <subfield code="p">7827</subfield>
    <subfield code="r">2024-07-25 13:16:38</subfield>
    <subfield code="t">1</subfield>
    <subfield code="w">2024-07-25</subfield>
    <subfield code="y">BOOK</subfield>
  </datafield>
  <datafield tag="952" ind1=" " ind2=" ">
    <subfield code="0">0</subfield>
    <subfield code="1">0</subfield>
    <subfield code="2">ddc</subfield>
    <subfield code="4">0</subfield>
    <subfield code="7">0</subfield>
    <subfield code="a">SEACOMEC</subfield>
    <subfield code="b">SEACOMEC</subfield>
    <subfield code="d">2007-08-07</subfield>
    <subfield code="l">0</subfield>
    <subfield code="o">510.02462 P153</subfield>
    <subfield code="p">7828</subfield>
    <subfield code="r">2024-07-25 13:16:38</subfield>
    <subfield code="t">2</subfield>
    <subfield code="w">2024-07-25</subfield>
    <subfield code="y">BOOK</subfield>
  </datafield>
  <datafield tag="952" ind1=" " ind2=" ">
    <subfield code="0">0</subfield>
    <subfield code="1">0</subfield>
    <subfield code="2">ddc</subfield>
    <subfield code="4">0</subfield>
    <subfield code="7">0</subfield>
    <subfield code="a">SEACOMEC</subfield>
    <subfield code="b">SEACOMEC</subfield>
    <subfield code="d">2007-08-07</subfield>
    <subfield code="l">0</subfield>
    <subfield code="o">510.02462 P153</subfield>
    <subfield code="p">7829</subfield>
    <subfield code="r">2024-07-25 13:16:38</subfield>
    <subfield code="t">3</subfield>
    <subfield code="w">2024-07-25</subfield>
    <subfield code="y">BOOK</subfield>
  </datafield>
  <datafield tag="952" ind1=" " ind2=" ">
    <subfield code="0">0</subfield>
    <subfield code="1">0</subfield>
    <subfield code="2">ddc</subfield>
    <subfield code="4">0</subfield>
    <subfield code="7">0</subfield>
    <subfield code="a">SEACOMEC</subfield>
    <subfield code="b">SEACOMEC</subfield>
    <subfield code="d">2007-08-07</subfield>
    <subfield code="l">0</subfield>
    <subfield code="o">510.02462 P153</subfield>
    <subfield code="p">7830</subfield>
    <subfield code="r">2024-07-25 13:16:38</subfield>
    <subfield code="t">4</subfield>
    <subfield code="w">2024-07-25</subfield>
    <subfield code="y">BOOK</subfield>
  </datafield>
  <datafield tag="952" ind1=" " ind2=" ">
    <subfield code="0">0</subfield>
    <subfield code="1">0</subfield>
    <subfield code="2">ddc</subfield>
    <subfield code="4">0</subfield>
    <subfield code="7">0</subfield>
    <subfield code="a">SEACOMEC</subfield>
    <subfield code="b">SEACOMEC</subfield>
    <subfield code="d">2007-08-07</subfield>
    <subfield code="l">0</subfield>
    <subfield code="o">510.02462 P153</subfield>
    <subfield code="p">7831</subfield>
    <subfield code="r">2024-07-25 13:16:38</subfield>
    <subfield code="t">5</subfield>
    <subfield code="w">2024-07-25</subfield>
    <subfield code="y">BOOK</subfield>
  </datafield>
  <datafield tag="952" ind1=" " ind2=" ">
    <subfield code="0">0</subfield>
    <subfield code="1">0</subfield>
    <subfield code="2">ddc</subfield>
    <subfield code="4">0</subfield>
    <subfield code="7">0</subfield>
    <subfield code="a">SEACOMEC</subfield>
    <subfield code="b">SEACOMEC</subfield>
    <subfield code="d">2007-08-07</subfield>
    <subfield code="l">0</subfield>
    <subfield code="o">510.02462 P153</subfield>
    <subfield code="p">7832</subfield>
    <subfield code="r">2024-07-25 13:16:38</subfield>
    <subfield code="t">6</subfield>
    <subfield code="w">2024-07-25</subfield>
    <subfield code="y">BOOK</subfield>
  </datafield>
  <datafield tag="952" ind1=" " ind2=" ">
    <subfield code="0">0</subfield>
    <subfield code="1">0</subfield>
    <subfield code="2">ddc</subfield>
    <subfield code="4">0</subfield>
    <subfield code="7">0</subfield>
    <subfield code="a">SEACOMEC</subfield>
    <subfield code="b">SEACOMEC</subfield>
    <subfield code="d">2007-08-07</subfield>
    <subfield code="l">0</subfield>
    <subfield code="o">510.02462 P153</subfield>
    <subfield code="p">7833</subfield>
    <subfield code="r">2024-07-25 13:16:38</subfield>
    <subfield code="t">7</subfield>
    <subfield code="w">2024-07-25</subfield>
    <subfield code="y">BOOK</subfield>
  </datafield>
  <datafield tag="952" ind1=" " ind2=" ">
    <subfield code="0">0</subfield>
    <subfield code="1">0</subfield>
    <subfield code="2">ddc</subfield>
    <subfield code="4">0</subfield>
    <subfield code="7">0</subfield>
    <subfield code="a">SEACOMEC</subfield>
    <subfield code="b">SEACOMEC</subfield>
    <subfield code="d">2007-08-07</subfield>
    <subfield code="l">0</subfield>
    <subfield code="o">510.02462 P153</subfield>
    <subfield code="p">7834</subfield>
    <subfield code="r">2024-07-25 13:16:38</subfield>
    <subfield code="t">8</subfield>
    <subfield code="w">2024-07-25</subfield>
    <subfield code="y">BOOK</subfield>
  </datafield>
  <datafield tag="952" ind1=" " ind2=" ">
    <subfield code="0">0</subfield>
    <subfield code="1">0</subfield>
    <subfield code="2">ddc</subfield>
    <subfield code="4">0</subfield>
    <subfield code="7">0</subfield>
    <subfield code="a">SEACOMEC</subfield>
    <subfield code="b">SEACOMEC</subfield>
    <subfield code="d">2007-08-07</subfield>
    <subfield code="l">0</subfield>
    <subfield code="o">510.02462 P153</subfield>
    <subfield code="p">7835</subfield>
    <subfield code="r">2024-07-25 13:16:38</subfield>
    <subfield code="t">9</subfield>
    <subfield code="w">2024-07-25</subfield>
    <subfield code="y">BOOK</subfield>
  </datafield>
  <datafield tag="952" ind1=" " ind2=" ">
    <subfield code="0">0</subfield>
    <subfield code="1">0</subfield>
    <subfield code="2">ddc</subfield>
    <subfield code="4">0</subfield>
    <subfield code="7">0</subfield>
    <subfield code="a">SEACOMEC</subfield>
    <subfield code="b">SEACOMEC</subfield>
    <subfield code="d">2007-08-07</subfield>
    <subfield code="l">0</subfield>
    <subfield code="o">510.02462 P153</subfield>
    <subfield code="p">7836</subfield>
    <subfield code="r">2024-07-25 13:16:38</subfield>
    <subfield code="t">10</subfield>
    <subfield code="w">2024-07-25</subfield>
    <subfield code="y">BOOK</subfield>
  </datafield>
  <datafield tag="952" ind1=" " ind2=" ">
    <subfield code="0">0</subfield>
    <subfield code="1">0</subfield>
    <subfield code="2">ddc</subfield>
    <subfield code="4">0</subfield>
    <subfield code="7">0</subfield>
    <subfield code="a">SEACOMEC</subfield>
    <subfield code="b">SEACOMEC</subfield>
    <subfield code="d">2007-08-07</subfield>
    <subfield code="l">0</subfield>
    <subfield code="o">510.02462 P153</subfield>
    <subfield code="p">7837</subfield>
    <subfield code="r">2024-07-25 13:16:38</subfield>
    <subfield code="t">11</subfield>
    <subfield code="w">2024-07-25</subfield>
    <subfield code="y">BOOK</subfield>
  </datafield>
  <datafield tag="952" ind1=" " ind2=" ">
    <subfield code="0">0</subfield>
    <subfield code="1">0</subfield>
    <subfield code="2">ddc</subfield>
    <subfield code="4">0</subfield>
    <subfield code="7">0</subfield>
    <subfield code="a">SEACOMEC</subfield>
    <subfield code="b">SEACOMEC</subfield>
    <subfield code="d">2007-08-07</subfield>
    <subfield code="l">0</subfield>
    <subfield code="o">510.02462 P153</subfield>
    <subfield code="p">7838</subfield>
    <subfield code="r">2024-07-25 13:16:38</subfield>
    <subfield code="t">12</subfield>
    <subfield code="w">2024-07-25</subfield>
    <subfield code="y">BOOK</subfield>
  </datafield>
  <datafield tag="952" ind1=" " ind2=" ">
    <subfield code="0">0</subfield>
    <subfield code="1">0</subfield>
    <subfield code="2">ddc</subfield>
    <subfield code="4">0</subfield>
    <subfield code="7">0</subfield>
    <subfield code="a">SEACOMEC</subfield>
    <subfield code="b">SEACOMEC</subfield>
    <subfield code="d">2007-08-07</subfield>
    <subfield code="l">0</subfield>
    <subfield code="o">510.02462 P153</subfield>
    <subfield code="p">7839</subfield>
    <subfield code="r">2024-07-25 13:16:38</subfield>
    <subfield code="t">13</subfield>
    <subfield code="w">2024-07-25</subfield>
    <subfield code="y">BOOK</subfield>
  </datafield>
  <datafield tag="952" ind1=" " ind2=" ">
    <subfield code="0">0</subfield>
    <subfield code="1">0</subfield>
    <subfield code="2">ddc</subfield>
    <subfield code="4">0</subfield>
    <subfield code="7">0</subfield>
    <subfield code="a">SEACOMEC</subfield>
    <subfield code="b">SEACOMEC</subfield>
    <subfield code="d">2007-08-07</subfield>
    <subfield code="l">0</subfield>
    <subfield code="o">510.02462 P153</subfield>
    <subfield code="p">7840</subfield>
    <subfield code="r">2024-07-25 13:16:38</subfield>
    <subfield code="t">14</subfield>
    <subfield code="w">2024-07-25</subfield>
    <subfield code="y">BOOK</subfield>
  </datafield>
  <datafield tag="952" ind1=" " ind2=" ">
    <subfield code="0">0</subfield>
    <subfield code="1">0</subfield>
    <subfield code="2">ddc</subfield>
    <subfield code="4">0</subfield>
    <subfield code="7">0</subfield>
    <subfield code="a">SEACOMEC</subfield>
    <subfield code="b">SEACOMEC</subfield>
    <subfield code="d">2007-08-07</subfield>
    <subfield code="l">0</subfield>
    <subfield code="o">510.02462 P153</subfield>
    <subfield code="p">7841</subfield>
    <subfield code="r">2024-07-25 13:16:38</subfield>
    <subfield code="t">15</subfield>
    <subfield code="w">2024-07-25</subfield>
    <subfield code="y">BOOK</subfield>
  </datafield>
  <datafield tag="952" ind1=" " ind2=" ">
    <subfield code="0">0</subfield>
    <subfield code="1">0</subfield>
    <subfield code="2">ddc</subfield>
    <subfield code="4">0</subfield>
    <subfield code="7">0</subfield>
    <subfield code="a">SEACOMEC</subfield>
    <subfield code="b">SEACOMEC</subfield>
    <subfield code="d">2007-08-07</subfield>
    <subfield code="l">0</subfield>
    <subfield code="o">510.02462 P153</subfield>
    <subfield code="p">7842</subfield>
    <subfield code="r">2024-07-25 13:16:38</subfield>
    <subfield code="t">16</subfield>
    <subfield code="w">2024-07-25</subfield>
    <subfield code="y">BOOK</subfield>
  </datafield>
  <datafield tag="952" ind1=" " ind2=" ">
    <subfield code="0">0</subfield>
    <subfield code="1">0</subfield>
    <subfield code="2">ddc</subfield>
    <subfield code="4">0</subfield>
    <subfield code="7">0</subfield>
    <subfield code="a">SEACOMEC</subfield>
    <subfield code="b">SEACOMEC</subfield>
    <subfield code="d">2007-08-07</subfield>
    <subfield code="l">0</subfield>
    <subfield code="o">510.02462 P153</subfield>
    <subfield code="p">7843</subfield>
    <subfield code="r">2024-07-25 13:16:38</subfield>
    <subfield code="t">17</subfield>
    <subfield code="w">2024-07-25</subfield>
    <subfield code="y">BOOK</subfield>
  </datafield>
  <datafield tag="952" ind1=" " ind2=" ">
    <subfield code="0">0</subfield>
    <subfield code="1">0</subfield>
    <subfield code="2">ddc</subfield>
    <subfield code="4">0</subfield>
    <subfield code="7">0</subfield>
    <subfield code="a">SEACOMEC</subfield>
    <subfield code="b">SEACOMEC</subfield>
    <subfield code="d">2007-08-07</subfield>
    <subfield code="l">0</subfield>
    <subfield code="o">510.02462 P153</subfield>
    <subfield code="p">7844</subfield>
    <subfield code="r">2024-07-25 13:16:38</subfield>
    <subfield code="t">18</subfield>
    <subfield code="w">2024-07-25</subfield>
    <subfield code="y">BOOK</subfield>
  </datafield>
  <datafield tag="952" ind1=" " ind2=" ">
    <subfield code="0">0</subfield>
    <subfield code="1">0</subfield>
    <subfield code="2">ddc</subfield>
    <subfield code="4">0</subfield>
    <subfield code="7">0</subfield>
    <subfield code="a">SEACOMEC</subfield>
    <subfield code="b">SEACOMEC</subfield>
    <subfield code="d">2007-08-07</subfield>
    <subfield code="l">0</subfield>
    <subfield code="o">510.02462 P153</subfield>
    <subfield code="p">7845</subfield>
    <subfield code="r">2024-07-25 13:16:38</subfield>
    <subfield code="t">19</subfield>
    <subfield code="w">2024-07-25</subfield>
    <subfield code="y">BOOK</subfield>
  </datafield>
  <datafield tag="952" ind1=" " ind2=" ">
    <subfield code="0">0</subfield>
    <subfield code="1">0</subfield>
    <subfield code="2">ddc</subfield>
    <subfield code="4">0</subfield>
    <subfield code="7">0</subfield>
    <subfield code="a">SEACOMEC</subfield>
    <subfield code="b">SEACOMEC</subfield>
    <subfield code="d">2007-08-07</subfield>
    <subfield code="l">0</subfield>
    <subfield code="o">510.02462 P153</subfield>
    <subfield code="p">7846</subfield>
    <subfield code="r">2024-07-25 13:16:38</subfield>
    <subfield code="t">20</subfield>
    <subfield code="w">2024-07-25</subfield>
    <subfield code="y">BOOK</subfield>
  </datafield>
  <datafield tag="952" ind1=" " ind2=" ">
    <subfield code="0">0</subfield>
    <subfield code="1">0</subfield>
    <subfield code="2">ddc</subfield>
    <subfield code="4">0</subfield>
    <subfield code="7">0</subfield>
    <subfield code="a">SEACOMEC</subfield>
    <subfield code="b">SEACOMEC</subfield>
    <subfield code="d">2007-08-07</subfield>
    <subfield code="l">0</subfield>
    <subfield code="o">510.02462 P153</subfield>
    <subfield code="p">7847</subfield>
    <subfield code="r">2024-07-25 13:16:38</subfield>
    <subfield code="t">21</subfield>
    <subfield code="w">2024-07-25</subfield>
    <subfield code="y">BOOK</subfield>
  </datafield>
  <datafield tag="952" ind1=" " ind2=" ">
    <subfield code="0">0</subfield>
    <subfield code="1">0</subfield>
    <subfield code="2">ddc</subfield>
    <subfield code="4">0</subfield>
    <subfield code="7">0</subfield>
    <subfield code="a">SEACOMEC</subfield>
    <subfield code="b">SEACOMEC</subfield>
    <subfield code="d">2007-08-07</subfield>
    <subfield code="l">0</subfield>
    <subfield code="o">510.02462 P153</subfield>
    <subfield code="p">7848</subfield>
    <subfield code="r">2024-07-25 13:16:38</subfield>
    <subfield code="t">22</subfield>
    <subfield code="w">2024-07-25</subfield>
    <subfield code="y">BOOK</subfield>
  </datafield>
  <datafield tag="952" ind1=" " ind2=" ">
    <subfield code="0">0</subfield>
    <subfield code="1">0</subfield>
    <subfield code="2">ddc</subfield>
    <subfield code="4">0</subfield>
    <subfield code="7">0</subfield>
    <subfield code="a">SEACOMEC</subfield>
    <subfield code="b">SEACOMEC</subfield>
    <subfield code="d">2007-08-07</subfield>
    <subfield code="l">0</subfield>
    <subfield code="o">510.02462 P153</subfield>
    <subfield code="p">7849</subfield>
    <subfield code="r">2024-07-25 13:16:38</subfield>
    <subfield code="t">23</subfield>
    <subfield code="w">2024-07-25</subfield>
    <subfield code="y">BOOK</subfield>
  </datafield>
  <datafield tag="952" ind1=" " ind2=" ">
    <subfield code="0">0</subfield>
    <subfield code="1">0</subfield>
    <subfield code="2">ddc</subfield>
    <subfield code="4">0</subfield>
    <subfield code="7">0</subfield>
    <subfield code="a">SEACOMEC</subfield>
    <subfield code="b">SEACOMEC</subfield>
    <subfield code="d">2007-08-07</subfield>
    <subfield code="l">0</subfield>
    <subfield code="o">510.02462 P153</subfield>
    <subfield code="p">7850</subfield>
    <subfield code="r">2024-07-25 13:16:38</subfield>
    <subfield code="t">24</subfield>
    <subfield code="w">2024-07-25</subfield>
    <subfield code="y">BOOK</subfield>
  </datafield>
  <datafield tag="999" ind1=" " ind2=" ">
    <subfield code="c">1484</subfield>
    <subfield code="d">1484</subfield>
  </datafield>
</record>
